00747 a2200169 4500003000500000005001700005040000900022082001200031100004100043245014100084260003200225300001500257505025000272538002900522650001400551651001200565Nust20170207153210.0 cNust a621.382 aKhan, Muhammad Nasrullah (MSEE-12) aImage processing technique for diagnostics (qualitative /quantitative analysis) in DNA gel electrophoresis.cMuhammad Nasruallah Khan  aRawalpindibMCS, NUSTc2009 aix, 78 ,p. aIntroduction (page-1), Literature review (page-6), Methodology (page-20) Preprocessing (page-23) Background removal (page-36), Qualitative / quantitative analysis and determination of unknown base pairs (page-47) Results and analysis (page-64).  aAlmirah No 69 Shelf No 2 aMS Thesis aMSEE-12